01074nam a22001457a 4500020001800000082001800018100001600036245004500052260006200097300001300159440004100172504002500213520064700238650004300885 a9788189963088 a294.5 bBHA-I aBhatt, S.R. aIndian spiritualityb: theory and praxis aNew DelhibIndian Council of Philosophical Researchc2018 avi, 89p. aDissemination of knowledge series; 1 aInclude Bibliography aThis is the first volume under ICPR's revived dissemination of knowledge series. It concisely talks about how to understand spirituality and its meaning in Indian context; the partnership of spirituality and science, and there by the need to make religion scientific and spiritualize science; nature and process of spiritual sadhna as it makes one an enlightened mind; bhakti yoga in Indian thought system; making devotion a household phenomenon and a social function; dharma as the overriding principle of Indian life and thought system; rajadharma as the Indian model of a welfare state that has a huge potential to have universal good etc. aPhilosophyvDharmavSpiritualityvYoga